[Event "Barcelona Electrica de Baleares"]
[Site "Barcelona"]
[Date "2018.10.20"]
[Round "4"]
[White "Romero Castejon, Daniel"]
[Black "Bielecki, Pawel"]
[Result "0-1"]
[WhiteElo "2153"]
[BlackElo "2073"]
[PlyCount "56"]
[EventDate "2018.09.22"]
[EventType "tourn"]
[EventRounds "9"]
[EventCountry "ESP"]
[SourceTitle "CBM 187 Extra"]
[Source "ChessBase"]
[SourceDate "2018.11.04"]
[SourceVersion "1"]
[SourceVersionDate "2018.11.04"]
[SourceQuality "1"]

1. d4 Nf6 2. c4 g6 3. f3 Nc6 4. d5 Ne5 5. e4 d6 6. Nc3 Bg7 7. f4 Ned7 8. Nh3 0-0 9. Nf2 e5 10. Be2 Re8 11. g4 exf4 12. g5 Nh5 13. Bxh5 gxh5 14. Bxf4 Ne5 15. Qxh5 Nxc4 16. 0-0 Ne5 17. Ne2 Ng6 18. Be3 c6 19. Bd4 Ne5 20. Kh1 cxd5 21. Ng3 dxe4 22. Nfxe4 Bg4 23. Qh4 Bf3+ 24. Rxf3 Nxf3 25. Qf4 Nxd4 26. Nh5 Rxe4 27. Qxe4 Qe8 28. Qg2 Qc6 0-1

[Event "Barcelona Espiga de les Corts-A 1st"]
[Site "Barcelona"]
[Date "2018.05.26"]
[Round "7.3"]
[White "Romero Castejon, Daniel"]
[Black "Petit Montes, Marc"]
[Result "1-0"]
[WhiteElo "2128"]
[BlackElo "1972"]
[PlyCount "83"]
[EventDate "2018.04.14"]
[EventType "swiss"]
[EventRounds "9"]
[EventCountry "ESP"]
[SourceTitle "EXT 2024"]
[Source "ChessBase"]
[SourceDate "2023.10.10"]
[SourceVersion "1"]
[SourceVersionDate "2023.10.10"]
[SourceQuality "1"]

1. e4 c6 2. d4 d5 3. exd5 cxd5 4. Nf3 Nc6 5. c4 e6 6. Nc3 Nf6 7. Bd3 dxc4 8. Bxc4 Be7 9. 0-0 a6 10. a4 0-0 11. Be3 Nb4 12. Ne5 b6 13. Qf3 Rb8 14. Qg3 Bb7 15. Bh6 Ne8 16. Rad1 Bf6 17. Bf4 Rc8 18. Bb3 Nc7 19. Ng4 Kh8 20. Nxf6 gxf6 21. Bxc7 Rxc7 22. d5 Rg8 23. Qf4 Rxc3 24. bxc3 Nxd5 25. Bxd5 Bxd5 26. f3 Qe7 27. Qd4 b5 28. axb5 axb5 29. Ra1 Bc4 30. Rfd1 e5 31. Qb6 f5 32. Ra7 Qg5 33. Qf2 h6 34. h4 Qf6 35. Rad7 Kh7 36. R7d6 Qg7 37. Rd8 Rxd8 38. Rxd8 Qf6 39. Rd1 Bb3 40. Re1 Bc4 41. Qe3 Qxh4 42. Qxe5 1-0

[Event "Barcelona Sants op-B 18th"]
[Site "Barcelona"]
[Date "2016.08.20"]
[Round "2"]
[White "Romero Castejon, Daniel"]
[Black "Gomez Agustin, Vicente"]
[Result "1-0"]
[WhiteElo "1993"]
[BlackElo "1847"]
[PlyCount "41"]
[EventDate "2016.08.19"]
[EventType "swiss"]
[EventRounds "10"]
[EventCountry "ESP"]
[SourceTitle "CBM 174 Extra"]
[Source "ChessBase"]
[SourceDate "2016.10.10"]
[SourceVersion "1"]
[SourceVersionDate "2016.10.10"]
[SourceQuality "1"]

1. e4 e5 2. Nf3 Nf6 3. d4 Nxe4 4. Bd3 d5 5. Nxe5 Nd7 6. 0-0 Nxe5 7. dxe5 Be7 8. c4 c6 9. cxd5 Qxd5 10. Qf3 Nc5 11. Qxd5 cxd5 12. Bb5+ Bd7 13. Bxd7+ Nxd7 14. Nc3 Nb6 15. Be3 0-0-0 16. Rfd1 Bb4 17. Bxb6 axb6 18. Nxd5 Bc5 19. b4 Bf8 20. Nxb6+ Kc7 21. Rac1+ 1-0

[Event "Sant Adria de Besos op 12th"]
[Site "Sant Adria de Besos"]
[Date "2016.05.15"]
[Round "4"]
[White "Febrero Perez, Lluis"]
[Black "Romero Castejon, Daniel"]
[Result "0-1"]
[WhiteElo "1761"]
[BlackElo "2168"]
[PlyCount "66"]
[EventDate "2016.04.10"]
[EventType "swiss"]
[EventRounds "9"]
[EventCountry "ESP"]
[SourceTitle "EXT 2017"]
[Source "ChessBase"]
[SourceDate "2016.10.25"]
[SourceVersion "1"]
[SourceVersionDate "2016.10.25"]
[SourceQuality "1"]

1. e4 d5 2. exd5 Nf6 3. c4 c6 4. d6 Qxd6 5. Nc3 g6 6. Nf3 Bg7 7. Be2 0-0 8. 0-0 e5 9. d3 h6 10. Be3 Rd8 11. Ne4 Qe7 12. Qc2 Bf5 13. Rad1 Na6 14. Nh4 Be6 15. b3 Nxe4 16. Nxg6 fxg6 17. dxe4 c5 18. f3 Nb4 19. Qb1 Nc6 20. a3 Nd4 21. Bd3 Rd7 22. b4 Rad8 23. f4 exf4 24. Bxf4 Bg4 25. Rde1 g5 26. Bg3 Be5 27. Bxe5 Qxe5 28. Re3 Ne6 29. h3 Nf4 30. hxg4 Rxd3 31. Rxd3 Rxd3 32. bxc5 Qxe4 33. Rf2 Nh3+ 0-1